000 00749nas a2200253 4500
001 BR6005477
003 BR-BrBNA
005 20231205082027.0
007 ta
008 230509b bl.|||p| |||| 00| 00por d
040 _aBR-BrBNA
_bpor
_cBiblioteca Nacional de Agricultura
041 _a(Pt)
072 _aQ10
100 1 _aQuast, D.G.
100 1 _aOkada, M.
100 1 _aYokomizo, Y.
100 1 _aLima, J.E.
245 1 _aEnsaios de torrefacao de cafe em aparelhos nacionais e importados [Brasil]
650 _aCAFE TRATADO
650 _aTORREFACAO
773 0 _tBoletim do Instituto de Tecnologia de Alimentos (Brazil)
_x
_g(Dez 1974), (no. 40) p. 49-81
_wBR6005477
909 _a202311
_bLúcia
_c55
_dLúcia Elande
942 _2AGRIS
_n0
_cANA
999 _c88663
_d88663